000 00311nam a22001217a 4500
999 _c5061
_d5061
008 250516b ||||| |||| 00| 0 eng d
020 _a9781502630315
082 _a941 GRE
100 _aGREIG,GEMMA
_eAUTHOR
245 _aUNITED KINGDOM
260 _aNEW YORK
_bCAVENDISH SQUARE PUBLISHING LLC
_c2018
942 _2ddc